| 000 | 00423nam a22001697a 4500 | ||
|---|---|---|---|
| 003 | MPLRDC | ||
| 005 | 20220104144149.0 | ||
| 008 | 210129b ||||| |||| 00| 0 eng d | ||
| 020 | _a962-357-689-7 | ||
| 082 | _a578.219 WS c.2 | ||
| 100 | _a王山 | ||
| 245 |
_a第三只眼睛看中国 _c |
||
| 260 |
_a _b明报出版社 _c1994 |
||
| 300 | _b平 | ||
| 650 | _a中国外交--国际地位 | ||
| 942 |
_cBK _o578.219 WS c.2 |
||
| 999 |
_c46991 _d46981 |
||